John Mayer Discography - Statistics

General Stats
  • This quiz has been taken 226 times
    173 since last reset
  • The average score is 15 of 24
Answer Stats
Type Year Name % Correct
Box Set 2009 3CD: Room for Squares / Heavier Things / Continuum
100%
Album 2006 Continuum
98%
Double Package 2007 2CD: Room for Squares / Heavier Things
96%
Album 2001 Room for Squares
94%
Album 2021 Sob Rock
94%
Album 2003 Heavier Things
88%
Album 2009 Battle Studies
84%
Album 2012 Born and Raised
83%
Live Album 2008 Where the Light Is: John Mayer Live in Los Angeles
77%
Album 2017 The Search for Everything
76%
EP 2017 The Search for Everything: Wave One
76%
EP 2017 The Search for Everything: Wave Two
76%
Album 2013 Paradise Valley
72%
Live Album 2004 As/Is
48%
Live Album 2004 As/Is Volume Five: (Live @ Philadelphia, PA & Hartford, CT - 8/14/04-8/15/04)
48%
Live Album 2004 As/Is Volume Four: (Cleveland / Cincinnati, OH - 8/03/04-8/04/04)
48%
EP 2003 As/Is: Volume One
48%
Live Album 2004 As/Is Volume Three: (Live @ Houston, TX - 7/24/04)
48%
Live Album 2004 As/Is: Volume Two: (Live @ Mountain View, CA - 7/16/04)
48%
EP 1999 Inside Wants Out
48%
Video Album 2003 Any Given Thursday
45%
EP 2006 The Village Sessions
25%
EP 2012 The Complete 2012 Performances Collection
10%
Box Set 2011 The Collection: John Mayer (5 Complete Albums)
6%
No matching quizzes found
Score Distribution
Percent of People with Each Score
Percentile by Number Answered
Your Score History
You have not taken this quiz since the last reset